| 000 | 00556nam a2200193Ia 4500 | ||
|---|---|---|---|
| 005 | 20250923145918.0 | ||
| 008 | 008 250917s9999 xx 000 0 eng d | ||
| 037 | _aTextual | ||
| 040 |
_aDSWL _beng _cDSWL |
||
| 041 |
_aeng _2eng |
||
| 084 |
_aYX,Ax, N94;1 _qDSWL |
||
| 245 | 0 | _aEnhancing the role of the family as an Agency for Social and Economic development | |
| 260 |
_aBombay _bT.I.S.S. _c1994 |
||
| 300 | _aviii,288p. | ||
| 365 |
_aINR _b100.00 |
||
| 925 | _g100.00 | ||
| 942 |
_cTEXL _hYX,Ax, N94;1 |
||
| 999 |
_c1457256 _d1457256 |
||